000 01379nam a2200337 a 4500
001 ebr10060420
003 CaPaEBR
006 m u
007 cr cn|||||||||
008 931018s1992 caua sd 000 0 eng d
010 _z 91076249
020 _z1560521317
040 _aCaPaEBR
_cCaPaEBR
035 _a(OCoLC)70738224
050 1 4 _aHF5548.83
_b.H38 1992eb
082 0 4 _a650.1/3
_220
100 1 _aHathaway, Patti.
245 1 0 _aManaging upward
_h[electronic resource] :
_ba partnership plan for employees and bosses /
_cPatti Hathaway and Susan D. Schubert.
260 _aLos Angeles, Calif. :
_bCrisp Publications,
_cc1992.
300 _aiv, 118 p. :
_bill.
490 1 _aFifty minute series
500 _aOn Cover: Managing upward : strategies for succeeding with your boss. How to effectively "manage your boss."
533 _aElectronic reproduction.
_bPalo Alto, Calif. :
_cebrary,
_d2013.
_nAvailable via World Wide Web.
_nAccess may be limited to ebrary affiliated libraries.
650 0 _aManaging your boss.
650 0 _aManaging your boss
_vProblems, exercises, etc.
655 7 _aElectronic books.
_2local
700 1 _aSchubert, Susan D.
710 2 _aebrary, Inc.
830 0 _aFifty-Minute series.
856 4 0 _uhttp://site.ebrary.com/lib/rucke/Doc?id=10060420
_zAn electronic book accessible through the World Wide Web; click to view
999 _c45982
_d45982